| 000 | 00780nam a22001817a 4500 | ||
|---|---|---|---|
| 008 | 110821s1983 ua||||| |||| 00| 0 ara d | ||
| 020 | _a977011788 | ||
| 082 |
_222 _a181.92 _bم د ك |
||
| 100 | 1 |
_920703 _aمدكور ، إبراهيم |
|
| 245 |
_aالكتاب التذكارى : _bأبو نصر الفارابى فى الذكرى الألفية لوفاته 950 م / _cابراهيم مدكور |
||
| 260 |
_aالقاهرة : _bالهيئة المصرية العامة للكتاب ، _c1983. |
||
| 300 |
_a355 ص ؛ _c24 سم. |
||
| 600 | 0 |
_926816 _aالفارابى ، محمد بن محمد |
|
| 650 | 0 |
_926814 _aالعلماء المسلمون _xتراجم |
|
| 650 | 0 |
_926815 _aالفلاسفة المسلمون _xتراجم |
|
| 653 |
_bGeneral _cAugust2011 |
||
| 942 |
_2ddc _cBB |
||
| 999 |
_c15883 _d15883 |
||